Telefonujeme přes Internet : Sada programů a názorný průvodce

Na minha lista:
Detalhes bibliográficos
Main Authors: Walter, Björn (Author), Janeček, Vladislav (Author)
Formato: Livro
Idioma:tcheco
Publicado em: Brno : Computer Press, 2007
Assuntos:
Tags: Adicionar Tag
Sem tags, seja o primeiro a adicionar uma tag!

MARC

LEADER 00000nam a22000003a 4500
001 stu177890
005 20150617230044.1
008 090114s2007----xr------------------cze-d
020 |a 978-80-251-1631-9 
040 |a STU  |b slo 
041 0 |a cze 
044 |a xr 
080 |a 004.738.5 
100 1 |a Walter, Björn  |4 aut 
245 1 |a Telefonujeme přes Internet :  |b Sada programů a názorný průvodce 
260 |a Brno :  |b Computer Press,  |c 2007 
300 |a 237 s 
650 7 |a internetové aplikácie  |2 stusub 
650 7 |a internet  |2 stusub 
700 1 |a Janeček, Vladislav  |4 aut 
996 |b 284EK87837  |c E*87837  |l EE30  |s P  |a 0  |w stu177890_0001